000 00384nam a22001337a 4500
082 _a808.83
_bKAH
_cL-NUST, P-32
100 _aKahlil Gibran
_946700
245 _aThe Treasured Writings of Kahlil Gibran: Author of The Prophet
260 _aNew York
_bBarnes & noble books.
300 _a902 p.
526 _a0
_b0
_c0
_d808_830000000000000_KAH
650 _aMCE
_9379
942 _2ddc
_cBK
999 _c549963
_d549963